Les Rois de France 1180-1547 - Statistiques

Statistiques générales
  • Ce quiz a été pris 56 fois
  • Le résultat moyen est 16 sur 18
Statistiques - réponses
Question Réponse % Correct
Philippe III le Hradi 1270-1285
100%
Philippe VI 1328-1350
100%
Charles VII le victorieux 1422-1461
100%
François Ier 1515-1547
100%
Philippe Auguste 1180-1223
91%
Louis VIII 1223-1226
91%
Saint Louis 1226-1270
91%
Philippe le Bel 1285-1314
91%
Louis X 1314-1316
91%
Jean Ier 1316-1316
91%
Charles IV 1322-1328
91%
Jean II 1350-1364
91%
Charles V le Sage 1364-1380
91%
Charles VI le bien aimé 1380-1422
91%
Louis XI 1461-1483
91%
Louis XII 1498-1515
91%
Charles VIII 1483-1498
82%
Philippe V 1316-1322
73%
Aucun quiz correspondant
Distribution des résultats
% des personnes avec chaque résultat
Percentile par nombre de réponses
Votre historique - résultats
Vous n’avez pas pris ce quiz